Hunt: Showdown Stillwater Bayou Geo Guesser - Statistics

General Stats
  • This quiz has been taken 429 times
  • The average score is 4 of 5
Answer Stats
Picture Answer % Correct
The Slaughterhouse
89%
Alice Farm
88%
Stillwater Bend
88%
The Chapel of Madonna Noir
88%
Davant Ranch
85%
Pitching Crematorium
83%
Catfish Grove
82%
Lockbay Docks
81%
Scupper Lake
81%
Cyprus Huts
79%
Darrow Livestock
77%
Port Reeker
77%
Healing Waters Church
68%
Alain & Son's Fish
66%
Reynard Mill & Lumber
63%
Blanchett Graves
62%
No matching quizzes found
Score Distribution
Percent of People with Each Score
Percentile by Number Answered
Your Score History
You have not taken this quiz